Normal view MARC view
  • Clarke, Arthur C.

Entry Personal Name

Number of records used in: 1

001 - CONTROL NUMBER

  • control field: 3719

003 - CONTROL NUMBER IDENTIFIER

  • control field: OSt

005 - DATE AND TIME OF LATEST TRANSACTION

  • control field: 20170512092351.0

008 - FIXED-LENGTH DATA ELEMENTS

  • fixed length control field: 170512|| aca||aabn | a|a d

040 ## - CATALOGING SOURCE

  • Original cataloging agency: OSt
  • Transcribing agency: OSt

100 ## - HEADING--PERSONAL NAME

  • Personal name: Clarke, Arthur C.
  • Dates associated with a name: 1917-2008.

670 ## - SOURCE DATA FOUND

  • Source citation: Work cat.: (OSt): Clarke, Arthur C. 1917-2008., Arthur C. Clarke's July 20, 2019, c1986.
Pusat Sumber Maklumat Dato' Haji Sarmin Md Hussin, Akademi Kastam Diraja Malaysia, Melaka
Tel: 06-2331106 | Faks: 06-2313787